Τα παιδιά στην ελληνική ηθογραφία : 1870-1920 : αναπαραστάσεις και πρακτικές : μεταπτυχιακή διατριβή
Αποθηκεύτηκε σε:
| Κύριος συγγραφέας: | |
|---|---|
| Συγγραφή απο Οργανισμό/Αρχή: | |
| Άλλοι συγγραφείς: | |
| Μορφή: | Thesis Βιβλίο |
| Γλώσσα: | Greek |
| Δημοσίευση: |
Μυτιλήνη :
Πανεπιστήμιο Αιγαίου, Τμήμα Κοινωνικής Ανθρωπολογίας και Ιστορίας,
2005
|
| Θέματα: | |
| Διαθέσιμο Online: | http://hdl.handle.net/11610/14512 |
| Ετικέτες: |
Προσθήκη ετικέτας
Δεν υπάρχουν, Καταχωρήστε ετικέτα πρώτοι!
|
MARC
| LEADER | 00000cam a2200000 i 4500 | ||
|---|---|---|---|
| 001 | 1/24337 | ||
| 008 | 060215s2005 gre d | ||
| 035 | |l 10082648 | ||
| 040 | |a GR-MY-UA |b gre |e aacr | ||
| 041 | 0 | |a gre | |
| 082 | 0 | |a 305.23 |2 (22) | |
| 100 | 1 | |a Βερβέρη, Ελένη. | |
| 245 | 1 | 3 | |a Τα παιδιά στην ελληνική ηθογραφία : |b 1870-1920 : αναπαραστάσεις και πρακτικές : μεταπτυχιακή διατριβή / |c Ελένη Βερβέρη ; υπεύθυνη καθηγήτρια Μ. Σταματογιαννοπούλου |
| 260 | |a Μυτιλήνη : |b Πανεπιστήμιο Αιγαίου, Τμήμα Κοινωνικής Ανθρωπολογίας και Ιστορίας, |c 2005 | ||
| 300 | |a 80 σ.; |c 30 εκ. | ||
| 502 | |a Διατριβή (μεταπτυχιακή) - Πανεπιστήμιο Αιγαίου, Λέσβος, 2005. | ||
| 504 | |a Βιβλιογραφία: σ. 75-79 | ||
| 650 | 0 | 0 | |a Children in literature. |
| 650 | 0 | 0 | |a Children |z Greece |x Social conditions. |
| 650 | 0 | 0 | |a Dissertations, Academic |z Greece. |
| 700 | 1 | |a Σταματογιαννοπούλου, Μαρία. |4 ths | |
| 710 | 2 | |a Πανεπιστήμιο Αιγαίου. |b Σχολή Κοινωνικών Επιστημών. |b Τμήμα Κοινωνικής Ανθρωπολογίας και Ιστορίας. |b Πρόγραμμα Μεταπτυχιακών Σπουδών Κοινωνική και Ιστορική Ανθρωπολογία. | |
| 852 | |a INST |b LESVOS |c DIATR |e 20060215 |h 25 |p 005100034228 |q 005100034228 |t MTXE |y 23 | ||
| 852 | |a INST |b LESVOS |c DIATR |e 20060215 |h 26 |p 005100034209 |q 005100034209 |t MTXE |y 23 | ||
| 856 | |u http://hdl.handle.net/11610/14512 | ||
| 901 | |a BIBL1-2006-1 | ||
| 909 | |a Λ |b 120876 | ||
| 909 | |a Λ |b 120877 | ||
| 924 | |a ΒΕΡΒΕΡΗ |b ΕΛΕΝΗ |y ΛΕΣΒΟΣ |z 2005 | ||
| 970 | |a ΜΑΡΙΝΑΤΟΥ |b ΜΥΡΣΙΝΗ |z 2006/02/15 | ||